| 000 | 01336nam0a22003131 4500 | ||
|---|---|---|---|
| 001 | v19\rc\1831153 | ||
| 005 | 20260406140829.0 | ||
| 035 | _a(NLR Aleph) 005255157 | ||
| 090 |
_a5844149 _c5844149 |
||
| 100 | _a20071224d1908 |||y0rusy50 ca | ||
| 101 | 1 |
_arus _ceng |
|
| 102 | _aRU | ||
| 105 | _ay z ||||| | ||
| 200 | 1 |
_aЗагадочные истории _fАртур Конан-Дойль _gПер. под ред. Л. Черского |
|
| 210 |
_aСанкт-Петербург _cПодснежник _d1908 |
||
| 215 |
_a95 с. _d19 |
||
| 327 | 1 | _aСодерж.: Тайна зеркала; Топор-убийца; Ужин смерти; Ночная драма | |
| 464 | 0 |
_12001#$aТайна зеркала$aТопор-убийца$aУжин смерти$aНочная драма _tНочная драма |
|
| 532 | 1 | 3 | _aЗагадочные истории |
| 700 | 1 |
_8rus _7ca _aДойл _bА. К. _f1859-1930 _gАртур Конан _3RU\NLR\AUTH\773259 _9113265 |
|
| 702 | 1 |
_4340 _8rus _7ca _aЧерский _bЛ. Ф. _gЛеонид Федорович _3RU\NLR\AUTH\7776304 _959232 |
|
| 801 | 2 |
_aRU _bNLR _c20090421 _2rusmarc |
|
| 801 | 0 |
_aRU _bNLR _c20071224 _gpsbo |
|
| 801 | 0 |
_aRU _bRuMoRGB _c20071224 _2psbo |
|
| 801 | 1 |
_aRU _bProSoft-M _c20071224 _2rusmarc |
|
| 852 |
_aNLR _j34.85.6.427 |
||
| 942 | _cBOOK | ||
| 980 | _aNB | ||